Sanat - "Posteljooni" - Statistics

Yleistilastot
  • Tätä visaa on pelattu 15 kertaa
  • Keskiarvotulos 41 / 60
Vastaustilastot
Vastaus % Oikein
posteljoon
100%
posteljoon
100%
posteljoon
100%
ja
92%
ja
92%
ja
92%
ja
92%
ja
92%
ja
92%
ja
92%
maan
92%
Minä
92%
minä
92%
olen
92%
olen
92%
pikkupoika
92%
pikkupoika
92%
suomen
92%
ympäri
92%
kirjeet
77%
kirjeet
77%
kirjeet
77%
jakelen
69%
jakelen
69%
kiertelen
69%
muu
69%
muu
69%
muu
69%
muu
69%
muut
69%
muut
69%
muut
69%
ei
62%
ei
62%
ne
62%
ne
62%
ne
62%
suu
62%
naurussa
54%
se
54%
se
54%
suut
54%
Eikä
46%
eikä
46%
kuin
46%
mikkään
46%
mikkään
46%
mikkään
46%
mikkään
46%
Minäpä
46%
minäpä
46%
mua
46%
mua
46%
naurava
46%
ompi
46%
silmät
46%
siniset
46%
tyttöjen
46%
ilahuta
31%
ilahuta
31%
Ehtoja vastaavia visoja ei löytynyt
Tulosjakauma
Jokaisen tuloksen saaneiden osuus
Persentiili vastausten määrän mukaan
Tuloshistoriasi
Et ole pelannut tätä visaa